| 000 | 00836nam a2200253 i 4500 | ||
|---|---|---|---|
| 001 | bg | ||
| 003 | BPK | ||
| 005 | 20200402144831.0 | ||
| 008 | 971010s1987 pl a f f |000 0 pol | ||
| 015 | _aPB 1989/1257 | ||
| 040 |
_aWA N _cBPK |
||
| 080 | _a621.313 | ||
| 080 | _a(075.8) | ||
| 100 | 1 |
_aBajorek, Zygmunt _eAutor |
|
| 245 | 1 | 0 |
_aTeoria maszyn elektrycznych. _nCz. 1 / _cZygmunt Bajorek ; Politechnika Rzeszowska im. Ignacego Łukasiewicza. |
| 250 | _aWyd. 4. | ||
| 260 |
_aRzeszów : _bRedakcja Wydawnictw Uczelnianych PR, _c1987. |
||
| 300 |
_a357 : _brys., wykr., err. ; _c24 cm. |
||
| 504 | _aBibliogr. s. 357. | ||
| 521 | _aDla studentów Wydz. Elektrycznego do przedmiotu teoria maszyn elektrycznych. | ||
| 650 | 4 |
_aMaszyny elektryczne _xteoria. |
|
| 655 | 4 | _aPodręczniki akademickie | |
| 942 |
_2UKD _cKS |
||
| 999 |
_c3748 _d3748 |
||